<?xml version="1.0" encoding="UTF-8"?>
<collection xmlns="http://www.loc.gov/MARC21/slim">
  <record>
    <leader>00000nam  2200000   4500</leader>
    <controlfield tag="001">INLIS000000000003313</controlfield>
    <controlfield tag="005">20190809013702</controlfield>
    <datafield tag="035" ind1="#" ind2="#">
      <subfield code="a">0010-0718003313</subfield>
    </datafield>
    <controlfield tag="008">190809################g##########0#ind##</controlfield>
    <datafield tag="020" ind1="#" ind2="#">
      <subfield code="a">9795615777</subfield>
    </datafield>
    <datafield tag="041" ind1=" " ind2=" ">
      <subfield code="a">id</subfield>
    </datafield>
    <datafield tag="082" ind1="#" ind2="#">
      <subfield code="a">297</subfield>
    </datafield>
    <datafield tag="090" ind1=" " ind2=" ">
      <subfield code="a">297 Cha i</subfield>
    </datafield>
    <datafield tag="100" ind1=" " ind2="#">
      <subfield code="a">Chapra, M. Umer</subfield>
    </datafield>
    <datafield tag="245" ind1="1" ind2="#">
      <subfield code="a">Islam dan Tantangan Ekonomi /</subfield>
      <subfield code="c">M. Umer Chapra</subfield>
    </datafield>
    <datafield tag="260" ind1="#" ind2="#">
      <subfield code="a">Jakata :</subfield>
      <subfield code="b">Gema Insani Press,</subfield>
      <subfield code="c">2000</subfield>
    </datafield>
    <datafield tag="300" ind1="#" ind2="#">
      <subfield code="a">xvii; 365 hlm. :</subfield>
      <subfield code="b">ilus ;</subfield>
      <subfield code="c">24 cm</subfield>
    </datafield>
    <datafield tag="650" ind1=" " ind2="#">
      <subfield code="a">Islam dan Ekonomi</subfield>
    </datafield>
    <datafield tag="084" ind1="#" ind2="#">
      <subfield code="a">297 Cha i</subfield>
    </datafield>
    <datafield tag="250" ind1="#" ind2="#">
      <subfield code="a">ed.1</subfield>
    </datafield>
    <datafield tag="520" ind1="#" ind2="#">
      <subfield code="a">Ketika sosialisme runtuh yang ditandai dengan runtuhnya Uni Sovyet--sebagai penopang utama--apakah ini berarti bahwa kapitalisme--sebagai antitesis sosialisme--dan konsep negara kesejahteraan sudah "menang" sebagai sebuah sistem ekonomi? pada kenyataannya tidak. Kedua sistem ini sama dengan sosialisme, yaitu gagal menciptakan kesejahteraan umat manusia yang sebenarnya merupakan cita-cita dari ketiga sistem ini. Lalu, dimanakah letak kesalahannya? Sistem apakah yang paling representatif untuk menciptakan kesejahteraan umat manusia? Dr. M. Umar Chapra dengan pengalamannya yang luas dalam pengajaran dan riset bidang ekonomi serta pemahamannya yang bagus tentang syariat Islam, mengajukan bahwa hanya Islamlah sebagai sistem alternatif yang paling tepat untuk menciptakan kesejahteraan umat manusia. Ia tidak hanya membahas aspek teoretisnya saja, melainkan juga aspek aplikasinya sehingga gagasan-gagasannya cukup realistis untuk dioperasionalkan dalam kehidupan nyata.</subfield>
    </datafield>
    <datafield tag="856" ind1="#" ind2="#">
      <subfield code="a">Perpustakaan Lembaga Administrasi Negara</subfield>
    </datafield>
    <datafield tag="990" ind1="#" ind2="#">
      <subfield code="a">02045768</subfield>
    </datafield>
    <datafield tag="990" ind1="#" ind2="#">
      <subfield code="a">02045769</subfield>
    </datafield>
    <datafield tag="990" ind1="#" ind2="#">
      <subfield code="a">02045768</subfield>
    </datafield>
    <datafield tag="990" ind1="#" ind2="#">
      <subfield code="a">02045769</subfield>
    </datafield>
    <datafield tag="990" ind1="#" ind2="#">
      <subfield code="a">02045768</subfield>
    </datafield>
    <datafield tag="990" ind1="#" ind2="#">
      <subfield code="a">02045769</subfield>
    </datafield>
    <datafield tag="990" ind1="#" ind2="#">
      <subfield code="a">02045769</subfield>
    </datafield>
    <datafield tag="990" ind1="#" ind2="#">
      <subfield code="a">02045768</subfield>
    </datafield>
  </record>
</collection>
